| 000 | 00287 a2200085 4500 | ||
|---|---|---|---|
| 082 | _a338.9 HEL | ||
| 245 |
_aHelping to Eliminate Poverty and Achieve Sustainable Development through public Private Partnerships in Infrastructure / _cPPIAF |
||
| 260 | _c2007 | ||
| 300 |
_a65p. ; _bill. ; _c30 cm |
||
| 650 | _aEconomic Crisis | ||
| 999 |
_c2253 _d2253 |
||